| 000 | 00847cab a2200229 4500 | ||
|---|---|---|---|
| 001 | ABS37012 | ||
| 008 | 090401t1986 xxu||||| |||| 00| 0 eng d | ||
| 035 | _a(Sirsi) u1543 | ||
| 041 | _aeng | ||
| 100 | _aSwarbrick, A. | ||
| 245 | _aIncorporation: your flexible friend to profit sharing among partners old and new | ||
| 260 | _c1986 | ||
| 350 | _a0 | ||
| 490 |
_aChartered Surveyor Weekly _v17(1) 2 October 1986, 29(1) |
||
| 520 | _aThe last in the series of articles on incorporation looks at some of the broader issues, including flexibility for partners, profit retention for working capital when a partner retires, and valuing shares. | ||
| 650 | _aABOUT RICS-RICS MEMBERS | ||
| 650 | _aINCORPORATION | ||
| 650 | _aPARTNERSHIPS | ||
| 690 | _aMANAGEMENT-BUSINESS MANAGEMENT-PROFESSIONAL PRACTICE | ||
| 942 | _n0 | ||
| 948 | _c04/03/1997 | ||
| 999 |
_c867 _d867 |
||